MARC

LEADER 00000nam0a2200000 4500
001 31136
005 20231030204336.0
010 |a 5020052035 
035 |a (RuTPU)RU\TPU\book\31413 
035 |a BOOK00031492 
090 |a 31136 
100 |a 20011209d2001 k y0rusy50 ca 
101 0 |a rus 
102 |a RU 
105 |a a z 001zy 
200 1 |a Кинетика дезактивации катализаторов  |e Математические модели и их применение  |f Н. М. Островский  |g Российская академия наук (РАН), Сибирское отделение (СО), Институт катализа им. Г. К. Борескова (ИК) 
210 |a Москва  |c Наука  |d 2001 
215 |a 334 с.  |c ил. 
320 |a Библиогр.: с. 326-332. 
610 1 |a химия 
610 1 |a химическая технология 
610 1 |a катализ 
610 1 |a катализаторы 
610 1 |a дезактивация 
610 1 |a кинетика 
610 1 |a риформинг 
675 |a 544.478  |v 3 
675 |a 66.097.3  |v 3 
700 1 |a Островский  |b Н. М.  |g Николай Михайлович 
712 0 2 |a Российская академия наук (РАН)  |b Сибирское отделение (СО)  |b Институт катализа им. Г. К. Борескова (ИК)  |c (Новосибирск)  |2 stltpush  |3 (RuTPU)RU\TPU\col\325 
801 0 |a RU  |b 63413507  |c 20011209  |g PSBO 
801 2 |a RU  |b 63413507  |c 20130807  |g PSBO 
942 |c BK